00710cam a2200181 4500008004100000020001500041035001200056245014000068250001200208260003400220300002600254500009100280504003500371506002000406600003900426650002400465710003900489050420s1999 mx a 000 0 spa u a970183772X aa44559500aSiqueiros en lecumberri :bUna lección de dignidad 1960-1964 /cConsejo nacional de bellas artes, instituto nacional de bellas artes. a1a. ed. aMéxico :bCONACULTA, c1999 a61 p.:bal.; c28 cm. aSala de arte público Siqueiros, del 14 de diciembre de 1999 al 31 de enero del 2000 aIncluye bibliografias e indice aRec. prop. esc.10aSiqueiros, David Alfaro, 1896-1974 4aExposicion xMuseos1 aInstituto Nacional de Bellas Artes